Radiografía de la pampa
Guardat en:
| Autor principal: | |
|---|---|
| Format: | Llibre |
| Idioma: | Undetermined |
| Publicat: |
Argentina
Losada
1942
|
| Matèries: | |
| Etiquetes: |
Afegir etiqueta
Sense etiquetes, Sigues el primer a etiquetar aquest registre!
|
MARC
| LEADER | 00000nam a2200000Ia 4500 | ||
|---|---|---|---|
| 008 | 170316s9999 xx 000 0 und d | ||
| 040 | |a cru BVZT | ||
| 090 | |a 860 M-9r | ||
| 100 | |a Martínez Estrada, Ezequiel | ||
| 245 | |a Radiografía de la pampa | ||
| 260 | |a Argentina | ||
| 260 | |b Losada | ||
| 260 | |c 1942 | ||
| 300 | |a 186 páginas | ||
| 650 | |a LITERATURA LATINOAMERICANA | ||
| 999 | |c 8991 |d 8991 | ||
| 942 | |c 15 D |h 860 M-9r |2 z | ||
